| 000 | 00760nam a22001337a 4500 | ||
|---|---|---|---|
| 040 | _cRUA | ||
| 082 | _aAGR MAY 2012 B050 Or.1 | ||
| 100 | _aMAY, SARAN | ||
| 245 | _aUtilization of organic fertilizers on okra on the crops station of royal university of agriculture, ការប្រើប្រាស់ជីសរីរាង្គទៅលើការលូតលាស់ដំណាំពោតបារាំង នៅស្ថានីយ៍ពិសោធន៍ដំណាំនៃសាកលវិទ្យាល័យភូមិន្្ទកសិកម្ម | ||
| 260 |
_aPhnom Penh _bRUA _c2012 |
||
| 300 |
_ax; 45p. _bill. _c29cm. |
||
| 856 | _uhttps://drive.google.com/file/d/1x7CB_19tfJl6fiiP0r84gHCqyMd94YFK/view?usp=sharing | ||
| 942 | _cAGR | ||
| 999 |
_c1688 _d1688 |
||